Statistics for Countries of the World - Five Minute Sprint (no map)

Click here to take the quiz!

General Stats

  • This quiz has been taken 49,409 times
    (49,407 since last reset)
  • The average score is 126 of 196

Answer Stats

country% Correct
United Kingdom
90%
United States
88%
Canada
87%
France
87%
Russia
86%
China
85%
Spain
84%
Brazil
83%
Germany
83%
Finland
82%
Ireland
82%
Mexico
82%
Sweden
82%
Andorra
81%
Argentina
81%
Australia
81%
Norway
81%
Chile
79%
India
79%
Italy
79%
Japan
79%
Portugal
79%
Iceland
78%
Albania
77%
Austria
77%
Belgium
77%
Denmark
77%
Peru
77%
Estonia
76%
Latvia
76%
Colombia
75%
Greece
75%
Ukraine
75%
Cuba
74%
Iran
74%
Lithuania
74%
Paraguay
74%
Poland
74%
Belarus
73%
Iraq
73%
Uruguay
73%
Vatican City
73%
Bolivia
72%
Egypt
72%
New Zealand
72%
Algeria
71%
Croatia
71%
Monaco
71%
Netherlands
71%
South Korea
71%
Bosnia and Herzegovina
70%
Bulgaria
70%
Ecuador
70%
Haiti
70%
Hungary
70%
North Korea
70%
Serbia
70%
Slovakia
70%
Slovenia
70%
Venezuela
70%
Belize
69%
Guyana
69%
Malta
69%
Oman
69%
Panama
69%
San Marino
69%
Afghanistan
68%
Bahamas
68%
Fiji
68%
Honduras
68%
Indonesia
68%
Jamaica
68%
Laos
68%
Romania
68%
Suriname
68%
Turkey
68%
Armenia
67%
Dominica
67%
Guatemala
67%
Israel
67%
Luxembourg
67%
United Arab Emirates
67%
Antigua and Barbuda
66%
Barbados
66%
Bhutan
66%
Costa Rica
66%
Czechia
66%
Kosovo
66%
Pakistan
66%
St Kitts and Nevis
66%
Thailand
66%
Yemen
66%
Democratic Republic
of the Congo
65%
Dominican Republic
65%
Libya
65%
Nicaragua
65%
St Lucia
65%
Switzerland
65%
Vietnam
65%
Cambodia
64%
Cyprus
64%
El Salvador
64%
Liechtenstein
64%
Moldova
64%
North Macedonia
64%
St Vincent and the Grenadines
64%
Tonga
64%
Bahrain
63%
Chad
63%
Jordan
63%
Mongolia
63%
Morocco
63%
Niger
63%
Qatar
63%
South Africa
63%
Syria
63%
Azerbaijan
62%
Congo
62%
Montenegro
62%
Nauru
62%
Nepal
62%
Palau
62%
Kazakhstan
61%
Lebanon
61%
Malaysia
61%
Mali
61%
Samoa
61%
Saudi Arabia
61%
Sudan
61%
Trinidad and Tobago
61%
Tuvalu
61%
Angola
60%
Brunei
60%
Burma
60%
Georgia
60%
Grenada
60%
Kuwait
60%
Nigeria
60%
Taiwan
60%
Singapore
59%
Togo
59%
Tunisia
59%
Vanuatu
59%
Bangladesh
58%
Benin
58%
Ghana
58%
Guinea
57%
Kenya
57%
Kiribati
57%
Sri Lanka
57%
Papua New Guinea
56%
Philippines
56%
South Sudan
56%
Turkmenistan
56%
Uzbekistan
56%
Ethiopia
55%
Tajikistan
55%
Lesotho
54%
Micronesia
54%
Timor-Leste
54%
Maldives
53%
Marshall Islands
53%
Zambia
53%
Central African Republic
52%
Eritrea
52%
Gambia
52%
Kyrgyzstan
52%
Solomon Islands
52%
Somalia
52%
Botswana
51%
Burundi
51%
Namibia
51%
Rwanda
51%
Uganda
51%
Zimbabwe
51%
Comoros
50%
Djibouti
50%
Eswatini
50%
Gabon
50%
Guinea-Bissau
49%
Madagascar
49%
Malawi
49%
Mauritania
49%
Senegal
49%
Cameroon
48%
Liberia
48%
Seychelles
48%
Tanzania
48%
Mauritius
46%
Cabo Verde
45%
São Tomé and Príncipe
45%
Mozambique
44%
Burkina Faso
43%
Côte d'Ivoire
41%
Sierra Leone
41%
Equatorial Guinea
39%

Score Distribution

Percentile by Number Answered

Percent of People with Each Score

Your Score History

You have not taken this quiz since the last reset